| 000 | 00359nam a22001457a 4500 | ||
|---|---|---|---|
| 020 | _qPB. | ||
| 040 | _cFizza Ishaq | ||
| 082 |
_a691 _bART |
||
| 100 |
_aLyons, Arthur. _9111788 |
||
| 245 |
_aMaterials For Architects And Builders / _cArthur Lyons. |
||
| 250 | _a6th ed. | ||
| 260 |
_aNew York: _bRoutledge, _c2020. |
||
| 300 | _a520 p. ; | ||
| 942 |
_2ddc _cBK |
||
| 999 |
_c594463 _d594463 |
||